Normy správneho práva a ich aplikácia na úseku správy vysokých škôl

Enregistré dans:
Détails bibliographiques
Auteur principal: Tóthová, Katarína
Format: Livre
Langue:slovaque
Publié: Bratislava Vysoká škola ekonomická 1978
Tags: Ajouter un tag
Pas de tags, Soyez le premier à ajouter un tag!

MARC

LEADER 00000nam a2200000 4500
001 c120088
005 20250520125353.4
041 0 |a slo 
044 |a SK 
245 1 0 |a Normy správneho práva a ich aplikácia na úseku správy vysokých škôl  |c Katarína Tóthová 
264 1 |a Bratislava  |b Vysoká škola ekonomická  |c 1978 
300 |a 57 s. 
100 1 |a Tóthová, Katarína